[Event "Rubinstein Memorial 34th"]
[Site "Polanica Zdroj"]
[Date "1997.??.??"]
[Round "4"]
[White "Rublevsky, Sergei"]
[Black "Krasenkow, Michal"]
[Result "1-0"]
[WhiteElo "2650"]
[BlackElo "2645"]
[Annotator "Krasenkow,M"]
[PlyCount "71"]
[EventDate "1997.08.19"]
[EventType "tourn"]
[EventRounds "11"]
[EventCountry "POL"]
[EventCategory "16"]
[SourceTitle "CBM 061"]
[Source "ChessBase"]
[SourceDate "1997.11.23"]
[SourceVersion "1"]
[SourceVersionDate "1997.11.23"]
[SourceQuality "1"]

1. e4 {Ribli} c5 2. Nf3 e6 3. c4 {Ribli: 'Das ist eine in letzter Zeit sehr
populäre Nebenvariante.'} Nc6 4. Nc3 Nf6 5. Be2 d5 {Ribli: 'Boensch: Der
Zentrumsvorstoß ist am ehesten geeignet den dritten weißen Zug zu bestrafen.'}
(5... Be7 {Ribli} 6. d4 (6. O-O d5 7. exd5 exd5 8. d4 O-O 9. Be3 dxc4 10. d5
Na5 11. h3 a6 12. a4 Bf5 13. Ne5 Qb6 14. Ra2 Rab8 15. Nxc4 Nxc4 16. Bxc4 Bd6
17. a5 Qc7 18. Be2 Rfe8 19. Bf3 Bh2+ {1/2-1/2 Oratovsky,M-Milov,V/ISR-ch 1992})
6... cxd4 7. Nxd4 O-O 8. Nxc6 $6 (8. O-O d5 $1 (8... d6 9. Be3 Bd7 10. Rc1 a6
11. Nb3 Qb8 (11... b6 12. f4 Be8 13. Bf3 Rc8 14. Qe2 Qc7 15. Qf2 Qb8 16. Bxb6 {
1-0 Frog,I-Smyslov,V/RUS-ch Elista 1995 (42)}) 12. f3 b6 13. Qe1 Rc8 14. Na4
Bd8 15. Qf2 Nb4 16. Nc3 Nc6 17. Na4 Nb4 18. Nc3 Nc6 {1/2-1/2 Vaganian,
R-Ftacnik,L/GER-CupT 1994}) 9. exd5 exd5 10. cxd5 Nxd5 11. Nxc6 $11) 8... bxc6
9. e5 $6 (9. O-O) 9... Ne8 10. Be3 $6 (10. O-O Qc7 11. Bf4) 10... Qc7 11. f4 d6
$15 {Rublevsky,S-Ye,J/Beijing 1996/1/2-1/2 (41)}) (5... b6 $5 {Ribli} 6. O-O
Bb7 7. Re1 $6 (7. d4 {Boensch} cxd4 8. Nxd4 Nxd4 9. Qxd4 Bc5 10. Qd3 Qc7 11.
Be3 O-O 12. Rfd1 Rfd8 $11 {Cifuentes,R-Piket,J/Eindhoven (ch-NL)/1992/0,5/ (16)
}) 7... Qb8 8. h3 Bd6 9. d4 cxd4 10. Nxd4 Bh2+ 11. Kh1 Nxd4 12. Qxd4 Be5 $15 {
Ruck,R-Ribli,Z/tt_HUN 1996/1/2-1/2 (41)}) (5... Qb6 {Ribli}) (5... a6 {(Ribli)
Boensch} 6. O-O Qc7 7. d4 cxd4 8. Nxd4 Bd6 (8... Bb4 9. Nxc6 dxc6 10. Qc2 e5
11. Na4 Be6 12. c5 Qe7 13. f4 $16) (8... Be7 9. Be3 d6 10. Rc1 Rb8 11. Nd5 $1
$16 {Iordachescu,V-Szuk,B/WchJM-U18/1994/}) 9. g3 Be5 (9... Be7 10. Be3 d6 11.
Rc1 Ne5 12. f4 Ned7 13. Bf3 g6 14. Bg2 O-O 15. g4 $16) 10. Be3 $14 {1-0 Bezold,
M-Boensch,U/Bad Homburg 1996 (29)}) 6. e5 {Ribli: 'Weiß spielt auf Gewinn. Die
andere Fortsetzung führt zu Vereinfachungen und bringt Weiß keinen Vorteil.'} (
6. cxd5 {Ribli} exd5 7. e5 Nd7 (7... Ne4 $1 8. O-O Be7 $10) 8. Bb5 a6 (8... Nb6
{Ribli} 9. O-O Be7 10. d4 $14) 9. Bxc6 bxc6 10. O-O Be7 11. b3 O-O 12. Ba3 c4
13. Bxe7 Qxe7 14. bxc4 Nxe5 15. Nxe5 Qxe5 16. d4 Qf5 17. cxd5 cxd5 18. Re1 {
Agrest,E-Vadasz,L/Bela mem 1997/1-0 (57)}) (6. exd5 {(Ribli) Boensch} exd5 7.
d4 Be6 $1 8. Bg5 cxd4 9. Nxd4 Nxd4 10. Qxd4 dxc4 11. Qh4 Be7 12. Bxc4 Bxc4 13.
Qxc4 Qa5 $1 $10 {Cifuentes,R-Kohlweyer,B /Groningen op/1992/}) 6... Ne4 {
'N!?' Ribli. Ribli: 'Diese Neuerung scheint mir viel natürlicher und logischer
als die früher bevorzugten Fortsetzungen.'} (6... Ng4 7. cxd5 exd5 8. Bb5 {
'!' Ribli.} d4 9. Bxc6+ (9. Ne4 {Ribli} Qd5 10. d3 Be7 11. O-O Ngxe5 12. Nxe5
Qxe5 13. f4 Qc7 14. f5 Bd7 15. f6 gxf6 16. Nxf6+ Bxf6 17. Rxf6 {1-0 Stavru,
A-Drei,A/Forli op 1992 (37)}) 9... bxc6 10. Na4 Ba6 11. d3 c4 (11... Qa5+ 12.
Bd2 Qb5 13. O-O Qxd3 14. Re1 $16 {Zvjagintsev-Ulibin, Elista 1996} (14. Re1 {
Ribli} O-O-O 15. h3 Nh6 16. e6 fxe6 17. Ne5 Qb5 18. Bxh6 gxh6 19. Nf7 Rg8 20.
Nxd8 Kxd8 21. Qf3 {1-0 Zvjaginsev,V-Ulibin,M/RUS-ch 1996/CBM 56/[Zvjaginsev] 
(26)} (21. Qf3 Be7 22. Rxe6 Bc8 23. Rxe7 $1 $18 {1-0 Zvjaginsev,V-Ulibin,M/
RUS-ch 1996/CBM 56/(26)}))) 12. O-O cxd3 13. e6 f5 14. Bg5 {Ribli: '1-0
Zvjaginsev,V-Filippov,V/RUS-ch m1-2 1997/CBM 59/[Ribli] (22)'} Be7 15. Nc5 $1
$16 {Zvjagintsev-Filippov, Elista 1997} (15. Nc5 {Ribli} Bc4 16. Rc1 Qd5 17.
Bxe7 d2 18. Qxd2 Bxf1 19. Qg5 $18 {1-0 Zvjaginsev,V-Filippov,V/RUS-ch m1-2
1997/CBM 59(22)})) 7. O-O Be7 8. Qc2 f5 $6 {'!?' Ribli.} (8... Nxc3 9. dxc3
dxc4 10. Bxc4 $14 (10. Bxc4 {Ribli} Qc7 11. Qe4 b6 12. Qg4 Bf8 (12... Nxe5 $2
13. Nxe5 Qxe5 14. Qf3 Qb8 15. Bb5+ $18) 13. Bg5 $16 {Boensch: Schwarz hat
Schwierigkeiten seine Entwicklung zu beenden.})) (8... Ng5 9. Nxg5 Bxg5 10.
cxd5 exd5 (10... Nb4 11. Qa4+ Bd7 12. Qb3 $16) (10... Nd4 11. Qa4+ Bd7 12. Qc4
exd5 13. Qxc5 $16 (13. Qxc5 Nxe2+ 14. Nxe2 $16)) 11. f4 Be7 (11... Nd4 12. Qa4+
Bd7 13. Qd1 $16 (13. Qd1 Be7 14. Nxd5 $16)) 12. Bb5 g6 $13 (12... O-O {Ribli}
13. Bxc6 bxc6 14. f5 $36)) 9. Na4 $5 {Ribli: 'Eine originelle Idee. Weiß
umgeht den Springertausch und droht d2-d3, weil der Pc5 schwach ist.'} h6 $2 (
9... b6 $2 10. cxd5 exd5 (10... Nb4 11. Qb3 exd5 12. d3 Ng5 13. Bxg5 Bxg5 14.
Nxg5 Qxg5 15. d4 $16) 11. Bb5 Bb7 12. d3 Ng5 13. Bxg5 Bxg5 14. d4 $16) (9...
dxc4 10. Bxc4 b6 {'!?' Ribli.} (10... h6 11. h4 $1 (11. Bb5 Bd7 12. d3 Ng5 (
12... Qa5 13. dxe4 Qxb5 14. Nc3 Qa6 15. Rd1 $14) 13. Bxg5 {'?' Ribli.} (13. Nh4
Nd4 14. Bxd7+ Qxd7 15. Qd1 O-O 16. Ng6 Rfd8 $17 {'=/+' Ribli. Ribli: 'Schwarz
hat viel bessere Koordination.Ribli.'}) (13. Nxc5 $2 Nxf3+ 14. gxf3 Qb6 $19 (
14... Qb6 15. Nxd7 Qxb5 $19)) 13... hxg5 14. Nxc5 Bxc5 15. Qxc5 g4 16. Nd2 Qh4
$17) 11... g5 (11... Nd4 12. Nxd4 Qxd4 13. d3 Ng3 14. Be3 Qxe5 15. Rfe1 $16 {
'!' Ribli.} (15. Rfe1 $1 Nh5 16. Bxc5 $16)) (11... Bxh4 12. d3 Ng5 (12... Bxf2+
13. Rxf2 Nxf2 14. Qxf2 $14) 13. Nxh4 Nd4 14. Qd2 $1 {'!?' Ribli.} (14. Qd1 Nh3+
15. gxh3 Qxh4 16. Be3 (16. Kh2 g5 $44) (16. Re1 b6 $44) (16. Kg2 b6 $44 {
'<=>' Ribli.}) 16... f4 17. Bxd4 Qxh3 {Ribli: 'Schwarz droht 18...f3 spielen.
Ribli.'} 18. Bb5+ Kd8 19. f3 Qg3+ $11) 14... Nh3+ 15. gxh3 Qxh4 16. f4 {
'[]' Ribli.} Qxh3 17. Qg2 {Ribli: 'Das ist die Hauptidee in 14.Qd2.Ribli.'}
Qxg2+ 18. Kxg2 b5 19. Nxc5 bxc4 20. dxc4 $14 {'~~' Ribli.}) 12. d3 g4 13. dxe4
gxf3 14. Bb5 Rg8 15. g3 $13) (10... g5 11. d3 g4 12. dxe4 gxf3 13. Bb5 $14) (
10... O-O $2 11. d3 Ng5 12. Bxg5 Bxg5 13. Nxc5 $16) 11. d3 {Ribli: 'Jetzt
droht 12.d3, Schwarz muß schnell reagieren.'} (11. h4 g5 {'~~!?' Ribli.} (11...
Nd4 12. Nxd4 Qxd4 13. d3 Ng3 14. Be3 Qxe5 15. Rfe1 $16) (11... Bxh4 12. d3 Ng5
(12... Bxf2+ 13. Rxf2 Nxf2 14. Qxf2 $14) 13. Nxh4 Nd4 14. Qd2 Nh3+ 15. gxh3
Qxh4 16. f3 Qxh3 17. Qg2 Qxg2+ 18. Kxg2 b5 19. Nxc5 bxc4 20. dxc4 $14) 12. d3
g4 13. Bb5 (13. Ne1 Nd4 14. Qd1 Nxf2 15. Rxf2 b5 $17) 13... Bd7 14. dxe4 (14.
Bxc6 Bxc6 15. Ne1 Nxf2 16. Rxf2 Bxh4 $17 {Ribli: 'Schwarz hat mehr,als
ausreichende Kompensation fuer die Figur.Ribli.'}) 14... gxf3 15. exf5 Nd4 $17
(15... Nd4 {Ribli} 16. Bxd7+ Qxd7 $13)) (11. Bb5 Bd7) 11... Ng5 12. Bxg5 Bxg5
13. Bb5 (13. Qb3 Na5 (13... Na5 14. Bb5+ Kf7 (14... Bd7 $2 15. Qxe6+))) 13...
Bd7 14. Qc4 (14. Rad1 Nd4 (14... Nd4 15. Bxd7+ Qxd7 16. Nxd4 Qxd4 $15)) 14...
Be7 $13) (9... Nb4 10. Qb3 (10. Qb1 dxc4 11. Bxc4 b6 $11 {'~~' Ribli.}) 10...
b5 11. cxb5 c4 12. Qd1 a6 $44 (12... Bd7 $44 {Ribli})) (9... g5 $2 {Ribli} 10.
cxd5 exd5 11. d3 g4 12. dxe4 gxf3 13. Bxf3 fxe4 14. Bh5+ Kf8 15. Bh6+ Kg8 16.
Qc3 $16) (9... O-O $2 {(Ribli) Boensch} 10. d3 Ng5 11. Bxg5 Bxg5 12. Nxc5 $16)
10. cxd5 Nb4 $6 (10... Qxd5 11. Nc3 (11. Bc4 $2 Qd8 {-9...dxc4}) 11... Nxc3 12.
dxc3 Nxe5 13. Rd1 Nxf3+ 14. Bxf3 Qc4 15. Bh5+ {'©' Ribli.} Kf8 $44) (10... Qxd5
$5 {(Ribli) Boensch}) 11. Qb3 exd5 $2 {'?!' Ribli.} (11... Nxd5 12. d3 Ng5 13.
Nxc5 $16 (13. Nxc5 {Ribli} Bxc5 14. Qb5+ $14)) (11... Qxd5 12. Bc4 Qd7 13. Nc3
$14 (13. d3 {Ribli} Ng5 14. Bxg5 hxg5 15. Nxg5 b5 (15... Bxg5 16. Nxc5 $16) 16.
Bxe6 Qxd3 $13)) 12. d3 Ng5 (12... b5 13. Nxc5 $1 (13. dxe4 bxa4 14. Qxa4+ Bd7
15. Bb5 fxe4 16. e6 O-O $1 $13 {'~~' Ribli.}) 13... Bxc5 14. dxe4 fxe4 15. Be3
$1 $16 (15. Be3 {Ribli} Bxe3 16. Qxb4 exf3 17. Bxb5+ Bd7 18. fxe3 $16 {[%csl
Re8]})) 13. Nh4 $1 {Ribli: 'Eine interessante Stellung. Beide weißen Springer
stehen gefährlich auf a4 und h4. Weiß spielt sehr originell.'} Be6 (13... Nh3+
14. gxh3 Bxh4 15. Nxc5 $18 {'+/-' Ribli.}) (13... O-O 14. Ng6 Re8 (14... b5 15.
Bxg5 hxg5 16. Nc3 c4 17. dxc4 dxc4 18. Qd1 $16 (18. Qd1 {Ribli} Re8 19. Qxd8
Bxd8 20. Nxb5 $16)) 15. Bxg5 hxg5 16. Rfc1 (16. Rac1 {(Ribli) Boensch} b6 17.
Nxe7+ Rxe7 18. d4 $16) 16... b6 17. d4 c4 (17... cxd4 18. Bb5 Bd7 19. Nxe7+
Rxe7 20. Bxd7 Qxd7 21. Qxb4 $18) 18. Qh3 $40 {'+/-' Ribli.}) 14. Bh5+ Kd7 15.
d4 $16 {'!?' Ribli. Ribli: 'Weiß blockiert den Pd5.'} c4 16. Qd1 b5 (16... Nd3
17. Ng6 Rg8 18. Be2 Nxc1 19. Rxc1 $16) 17. Nc3 Qb6 18. Ng6 Nd3 $6 {Ribli:
'Schwarz gibt die Qualität, bekommt aber keinen ausreichenden Ersatz.'} (18...
Rhd8 19. Nf4 (19. a4 {(Ribli) Boensch} a6 20. Nxe7 Kxe7 21. Bxg5+ hxg5 22. Qd2
$16) 19... Bg8 $16 {xd5 '!?' Ribli.}) (18... Rhc8 {Ribli} 19. Nxe7 Kxe7 20. a4
a6 21. Bxg5+ hxg5 22. Qd2 f4 23. a5 {[%csl Rb4]} Qb8 (23... Qd8 24. Na4 {
[%csl Rb4]}) 24. Ne4 $5 $16) (18... Rhe8 {Ribli} 19. a4 a6 20. Nxe7 Rxe7 21.
axb5) 19. Nxh8 Rxh8 20. Be2 Nxc1 (20... b4 $1 21. Na4 Qxd4 22. Be3 (22. Bxd3 {
(Ribli) Boensch} cxd3 23. Be3 Qxe5 24. Qxd3 $18) 22... Qxe5 23. Bxd3 Bd6 24. g3
cxd3 25. Qxd3 $16) 21. Rxc1 Qc6 $6 (21... b4 {Ribli}) 22. b3 $1 {xKd7} b4 23.
f4 $3 {'!' Ribli.} (23. Nxd5 $2 Bxd5 24. bxc4 Nh3+ $1 25. gxh3 (25. Kh1 $4 {
Ribli} Bxg2#) 25... Qg6+ 26. Bg4 fxg4 27. hxg4 (27. Qxg4+ {Ribli} Qxg4+ 28.
hxg4 Be6) 27... Be6 28. h3 h5 29. d5 Bf5 30. Qa4+ Kc8 $13) 23... bxc3 $6 (23...
Nf7 24. Nxd5 $1 (24. Na4 {Boensch} c3 25. a3 a5 26. axb4 axb4 27. Qd3 $16)
24... Bxd5 25. bxc4 Bxg2 26. e6+ $1 $18 {'+/-' Ribli.} (26. d5 $16 {Ribli})) (
23... Nh7 24. Nxd5 $1 Bxd5 25. bxc4 Be4 (25... Bxg2 $2 26. e6+ $1) 26. d5 Qc5+
27. Kh1 {/\Bf3+- Ribli: 'Weiß hat eine sehr gefährliche Bauernmeute im Zentrum.
Ribli.'}) 24. fxg5 hxg5 25. bxc4 dxc4 (25... Bb4 26. cxd5 Bxd5 27. Rxf5 $18 {
'+/-' Ribli.}) 26. Bf3 Bd5 27. Rxc3 $18 Rc8 (27... Ke6 {Ribli} 28. Qc2 g6 29.
Bxd5+ Kxd5 30. Rc1 Rc8 31. Qf2 {[%csl Rd5]}) 28. Bxd5 Qxd5 29. Rxf5 {'+-'
Ribli. Ribli: 'Weiß hat eine Qualität und einen Bauern mehr. Der  Pc4 stellt
keine Gefahr für Weiß dar.'} Rb8 (29... Bc5 {(Ribli) Boensch} 30. e6+ $18) 30.
Rf1 Rb2 31. Qg4+ Kc7 32. Rfc1 (32. Re1 {Ribli} Rb4 33. h3 Kb6 34. Kh1 Ka5 35.
Qc8 {[%csl Ra5]} Rb2 36. Qc7+ {[%cal Rc7a5,Rc7e7,Rc7c4] Und Schwarz hat keine
Chance.Ribli.} (36. Qc7+ Ka6 (36... Kb4 37. Qxe7+ Kxc3 38. Qa3+ Kc2 39. Re2+
$16) (36... Ka4 37. Qxa7+ $18) (36... Kb5 37. Qb8+ $18) 37. Qxc4+ $18)) 32...
Rb4 33. h3 Kb6 34. Kh1 {Ribli: 'Ein letzter profilaktischer Zug. Weiß befreit
seine Dame und entscheidet damit entgültig die Partie.'} Ka5 35. Qc8 Rb2 36.
Qc7+ (36. Qc7+ {(Ribli) Boensch} Ka6 (36... Kb4 37. Qxe7+) (36... Ka4 37. Qxa7+
) 37. Qxc4+ $18) 1-0

[Event "Malmo"]
[Site "Malmo"]
[Date "1994.??.??"]
[Round "9"]
[White "Krasenkow, Michal"]
[Black "Andersson, Ulf"]
[Result "1/2-1/2"]
[WhiteElo "2565"]
[BlackElo "2620"]
[Annotator "Krasenkow,M"]
[PlyCount "111"]
[EventDate "1994.06.??"]
[EventType "tourn"]
[EventRounds "9"]
[EventCountry "SWE"]
[EventCategory "12"]
[SourceTitle "CBM 042"]
[Source "ChessBase"]
[SourceDate "1994.10.01"]
[SourceVersion "1"]
[SourceVersionDate "1994.10.01"]
[SourceQuality "1"]

1. Nf3 c5 2. c4 Nf6 3. Nc3 Nc6 4. g3 d5 5. cxd5 Nxd5 6. Bg2 g6 7. O-O Bg7 8.
Nxd5 Qxd5 9. d3 Qd6 $146 10. Nd2 (10. a3 $5) 10... b6 11. Nc4 (11. a4 $5 O-O
12. a5 Ba6 $1 $10) 11... Qd7 12. a4 $6 (12. a3 $13) 12... O-O 13. Be3 Ba6 $1
14. Qd2 Rac8 15. Rfc1 Rfd8 $15 16. Rab1 Qe6 17. b3 Nb4 18. Bf3 Nd5 19. Kg2 Rc7
20. Bf4 Rcd7 21. Bh6 $6 Bxh6 22. Qxh6 Bb7 23. Ne3 Nb4 $1 (23... Nxe3+ 24. Qxe3
Bxf3+ 25. Qxf3 Rd5 26. Rb2 $1 $10 {Andersson,U}) 24. Bxb7 Rxb7 25. Rc4 Rd4 26.
Rbc1 $6 (26. Rb2 Nc6 $1 $15) 26... Nc6 {/\ 27...Na5; /\ 27...Rc4 28.bc4 Nd4} (
26... Rbd7 $5) 27. Rxd4 $1 $8 Nxd4 (27... cxd4 28. Nc4 Qxe2 29. Nd6 $1 exd6 30.
Rxc6 Rb8 31. Qf4 Qxd3 32. Rxd6 Qxb3 33. Rxd4 $15) 28. Rc4 $1 f6 (28... a5 $142
29. Nc2 $1 Nxc2 30. Rxc2 Qxb3 31. Rc4 Qb2 $15) 29. b4 Qc6+ (29... Nxe2 30. bxc5
bxc5 (30... Qc6+ 31. Kf1 Nc1 32. Kg1 Nxd3 33. cxb6 Qd7 34. bxa7 Rxa7 $10) 31.
Rxc5 Rb1 32. h3 $15) 30. f3 Qe6 (30... Nxe2 31. Nc2 $1 e5 (31... g5 32. h4 Qd6
33. Rg4 $132) 32. Qe3 Nd4 33. Nxd4 cxd4 34. Qxd4 $10) (30... e5 $5) 31. Kf2 a5
32. b5 Rd7 33. Qf4 Rd5 $5 34. g4 Re5 35. Rxd4 $8 cxd4 36. Qxd4 g5 37. f4 gxf4
38. Qxf4 $44 {xb6} h5 39. h3 hxg4 40. hxg4 (40. Qxg4+ $6 Kf8) 40... Kf7 41. Kf3
Qd7 42. Qc4+ e6 43. Qf4 Qb7+ 44. Kf2 Qh1 45. Nc4 Qh4+ 46. Kf3 Qh3+ (46... Rg5
47. Nd6+ Kg8 48. Ne4) 47. Kf2 Qh4+ 48. Kf3 Qh1+ 49. Kf2 Rc5 50. Qd6 Qh4+ 51.
Kf3 (51. Qg3 $5 Qh6 $5) 51... Qh3+ 52. Kf2 Qxg4 53. Qd7+ Kg6 54. Qe8+ Kg7 (
54... Kg5 55. Qg8+ Kh4 56. Qh8+) (54... Kh7 55. Qf7+ Qg7 56. Qxe6 $13) 55. Qe7+
Kg6 56. Qe8+ 1/2-1/2

[Event "Tata Steel-A 76th"]
[Site "Wijk aan Zee"]
[Date "2014.01.12"]
[Round "2"]
[White "Aronian, Levon"]
[Black "Caruana, Fabiano"]
[Result "1-0"]
[WhiteElo "2812"]
[BlackElo "2782"]
[Annotator "Krasenkow,M"]
[PlyCount "115"]
[EventDate "2014.01.11"]
[EventType "tourn"]
[EventRounds "11"]
[EventCountry "NED"]
[EventCategory "20"]
[SourceTitle "CBM 159"]
[Source "ChessBase"]
[SourceDate "2014.03.17"]
[SourceVersion "1"]
[SourceVersionDate "2014.03.17"]
[SourceQuality "1"]

1. Nf3 Nf6 2. c4 c5 3. Nc3 d5 4. cxd5 Nxd5 5. d4 Nxc3 6. bxc3 g6 7. Bf4 {
This simple development should not be too dangerous for Black; however, in the
present game White manages to create a lot of problems for his opponent.} Bg7
8. e3 O-O 9. Bd3 $5 (9. Be2 cxd4 {(probably the best)} (9... Nc6 10. O-O cxd4
11. cxd4 Qa5 12. Nd2 (12. Qb3 e5 13. dxe5 Nxe5 14. Nxe5 Bxe5 15. Bxe5 Qxe5 16.
Bf3 Rb8 17. Rfd1 Be6 $11 {1/2 (60) Dumpor,A (2330)-Pasic,E (2260) Bihac 1999})
12... Bf5 13. Nc4 Qd5 14. Rc1 Rfd8 15. Qb3 Be6 16. Qb2 Rac8 17. Bg3 b5 18. Nd2
a6 19. Bf3 Qd7 20. Nb3 $14 {1-0 (40) Ruck,R (2572)-Goormachtigh,J (2303)
Belgium 2003}) (9... Qa5 10. O-O (10. Qd2 Nc6 11. Rb1 b6 12. O-O cxd4 13. cxd4
Qxd2 14. Nxd2 e5 15. dxe5 Nxe5 16. Nf3 Bg4 {1/2 (16) Cifuentes Parada,R (2540)
-Ruck,R (2562) Mallorca 2004}) 10... Qxc3 11. Rc1 Qa3 12. Rxc5 Nd7 (12... Qxa2
13. Bc4 Qa3 14. Bxf7+ Kxf7 15. Qc2 Bd7 16. Qc4+ e6 17. d5 $40 {1-0 (40) Von
Herman,U (2381)-Figura,A (2417) Berlin 2009}) 13. Rc2 Nb6 14. Qc1 Qxc1 15.
Rfxc1 Bf5 16. Rc5 Rfc8 17. Nd2 Rxc5 18. Rxc5 Rc8 19. Nb3 Rxc5 20. Nxc5 Nd5 21.
Bb8 Nc3 {1/2 (21) Krivoshey,S (2455)-Palac,M (2605) Metz 2001}) 10. cxd4 Qa5+
11. Qd2 Nc6 {leads to a position from the Grünfeld defence with 4.Bg5 Ne4 5.Bf4
}) 9... Nd7 (9... Nc6 10. O-O Bg4 11. Be4 $36) 10. O-O Qa5 (10... Nb6 {[%cal
Yc8e6] is another possible plan deserving attention.}) 11. Qc2 cxd4 12. cxd4 e5
{A typical break in the centre; however, White keeps an edge due to his
advantage in development.} 13. Bg3 exd4 14. Nxd4 Nb6 (14... Ne5 15. Be4 f5 16.
Rfb1 $1 fxe4 17. Rb5 $16 {(indicated by GM S.Zagrebelny)}) 15. Qc7 Bxd4 {
A risky decision since the weakness of dark squares can be dangerous for Black.
However, there is no other clear way for Black to develop his queenside.} (
15... Be6 16. Nxe6 fxe6 17. Rac1 $14 {[%csl Re6] ^^}) 16. exd4 Bf5 (16... Be6
$5 17. Qxb7 Rad8 {regains the d4 pawn but after} 18. Be5 $1 f6 19. Bf4 {
[%cal Yf4h6] White keeps a bishop pair in an open position and the better
prospects.}) 17. Bxf5 Qxf5 18. Qxb7 {White has won a pawn but it will be
blockaded and very hard to convert.} Rfd8 19. Rfd1 Rd7 20. Qa6 Qe4 21. Be5 Rf8
22. h3 f6 23. Bg3 Rff7 24. f3 Qf5 25. Rac1 Kg7 26. Kh2 Rfe7 27. Rc5 Nd5 28. Qa5
Qe6 $6 {[%mdl 16384] This unfortunate move allows the activation of White's d1
rook.} (28... Re2 $142) 29. Re1 Qf7 30. Re4 $1 {[%csl Ge4] White will now try
to force ...Re7xe4, say, by means of Rc5-c6 and Bg3-d6.} Ne3 {Black doesn't
want to wait.} 31. Bf2 (31. Qe1 $5 Nf5 32. d5) 31... Nf5 32. Qd2 $2 (32. Qa4 $1
$16) 32... Re6 $2 {[%mdl 64] Both players missed a tactical motif enabling
Black to recapture the pawn:} (32... Rxe4 $1 33. fxe4 Qe7 $3 {[%cal Re7c5,
Re7e4] White must give up one of his central pawns although after} 34. Qc2 $1
Nxd4 35. Qa4 $1 Ne6 36. Rd5 $1 {[%cal Ye4e5] he keeps some advantage.}) 33.
Rxe6 Qxe6 34. d5 Qd6+ 35. Kg1 Rb7 36. Qe1 Ne7 37. Ra5 Nxd5 38. Qd1 Rd7 39. Rxa7
Rxa7 40. Bxa7 {[%mdl 4096]} g5 $2 ({The queen ending after} 40... Qa6 41. Qxd5
Qxa7+ {was a better chance for Black (although White should probably win in a
long term). GM Fabiano Caruana was probably misled by the stereotype "Q+N are
stronger than Q+B" but here White's bishop, supporting his a-pawn, is stronger
than Black's knight as Black can't create any counterplay against the white
king.}) 41. a4 Qa6 42. Bd4 Qc4 43. Qa1 Qc2 44. a5 Nf4 45. Bf2 Ne2+ 46. Kh2 Nf4
47. Qf1 Nd3 48. Bd4 Qd2 49. Bg1 Qf4+ 50. Kh1 Qc4 51. Qa1 (51. Qe2 $142 $1 {
[%cal Re2e7,Ye2e4]}) 51... Qc2 (51... Qa6 52. Qd4 Nf4 53. Qa7+ $18) (51... Qe6
$5 52. Qf1 $5 {, "admitting his mistake", may be a better option} (52. a6 Qe2
53. Bd4 $1 Ne1 (53... Nf4 54. Bxf6+ Kg6 55. Qb2 $1 Qf1+ 56. Kh2 Qxa6 57. Bxg5
$1 $18) 54. Bxf6+ Kg6 55. Qb2 Qxa6 56. Bd4 Qf1+ 57. Kh2 Nxf3+ 58. gxf3 Qxf3 {
, and it is difficult for White to convert his extra piece}) 52... Qc4 $140 53.
Qe2) 52. Be3 h6 53. a6 Qe2 54. Qg1 Qa2 55. a7 Nb4 56. Qd1 Nd5 57. Qd2 Qa1+ 58.
Bg1 (58. Bg1 Nb6 59. Qd6 $18) 1-0

[Event "London Classic 10th"]
[Site "London"]
[Date "2018.12.12"]
[Round "1.2"]
[White "Aronian, Levon"]
[Black "Vachier Lagrave, Maxime"]
[Result "1/2-1/2"]
[WhiteElo "2765"]
[BlackElo "2781"]
[Annotator "Krasenkow,M"]
[PlyCount "115"]
[EventDate "2018.12.11"]
[EventType "k.o."]
[EventRounds "2"]
[EventCountry "ENG"]
[SourceTitle "CBM 188"]
[Source "ChessBase"]
[SourceDate "2018.12.21"]
[SourceVersion "1"]
[SourceVersionDate "2018.12.21"]
[SourceQuality "1"]

1. Nf3 c5 2. c4 Nf6 3. Nc3 d5 4. cxd5 Nxd5 5. e4 Nb4 6. Bc4 Nd3+ 7. Ke2 Nf4+ 8.
Kf1 Ne6 9. d4 $5 {A rare but quite possible continuation.} cxd4 (9... Nxd4 $6
10. Bf4 Nbc6 (10... e6 11. Nxd4 cxd4 12. Nb5 Na6 13. Be5 $5 $16) 11. Nxd4 $1 (
11. Nd5 $143 Ne6 12. Bg3 Bd7 13. h4 Rc8 $13 {0-1 (40) Meskovs,N (2546)-Kantans,
T (2478) Tallinn 2018}) 11... Qxd4 (11... Nxd4 12. Nd5 $16) (11... cxd4 12. Qb3
e6 13. Nb5 $16) 12. Qb3 e6 13. Nb5 Qxe4 14. Nc7+ Kd8 15. Bg3 $16) 10. Bxe6 Bxe6
11. Nxd4 Nc6 (11... Bc4+ 12. Kg1 Nc6 13. Nxc6 Qxd1+ 14. Nxd1 bxc6 15. f3 {
with a typical endgame, slightly better for White due to his pawn structure, e.
g.} e5 16. Be3 Be7 17. b3 Be6 18. Rc1 O-O 19. Kf2 Rfc8 20. Bc5 Bg5 21. Rc2 $14
{1-0 (41) Vul,A (2410)-Van Beers,E (2205) Cappelle-la-Grande 1995}) (11... Bd7
$5 {[%cal Yb8c6,Ye7e6] is probably the most solid option for Black.}) {After
the game move White can choose between two pleasant positions, with a superior
pawn structure.} 12. Nxe6 (12. Nxc6 Qxd1+ 13. Nxd1 bxc6 14. b3 $14) 12... Qxd1+
13. Nxd1 fxe6 $14 14. Bd2 e5 15. f3 e6 ({It is hard to say whether} 15... g6 {
was more stubborn.}) 16. Be3 Bb4 17. Nf2 Ba5 18. Ke2 Bb6 19. Rhd1 Bxe3 20. Kxe3
Ke7 21. Rac1 Rhd8 22. Rxd8 Rxd8 {[%mdl 4096]} 23. Nd3 Kd6 24. Nc5 Rb8 25. h4
Nb4 {Black doesn't want to wait passively; he gives up a pawn to exchange
knights but the rook endgame is difficult for him.} 26. a3 b6 27. Nxe6 Na2 28.
Ra1 Kxe6 29. Rxa2 Rc8 30. Kd2 Rd8+ 31. Ke2 Rc8 32. b3 Rc1 33. Rd2 $6 {This
move lets White's advantage slip.} (33. Kd3 $142 Rh1 34. Rc2 Kd6 35. Kc4 Kc6 (
35... Rxh4 36. Kb5) (35... a6 36. Rd2+ Ke6 37. Rd8) 36. Kb4+ Kb7 37. Rd2 Kc6
38. Rd5 $16 {(chesspro.ru)}) 33... Ra1 34. a4 Rb1 35. Rd3 Rb2+ 36. Kf1 a6 {
White's pieces are tied up, and he can't expect more than an endgame with 4
pawns versus 3 on the kingside (which is drawn if Black plays accurately).} 37.
Kg1 b5 38. Rd8 ({The immediate} 38. h5 $5 {deserved more attention but Black
should not lose after} h6 {anyway.}) 38... bxa4 39. bxa4 Ra2 40. Rh8 h6 41.
Re8+ Kf6 42. Rb8 Rxa4 43. Rb6+ Kf7 44. h5 a5 45. Ra6 Ra2 46. Kh2 a4 47. Kh3 a3
48. g3 Ra1 49. Kg4 a2 50. Kf5 Rf1 51. Rxa2 Rxf3+ 52. Kxe5 Rxg3 53. Ra7+ Kg8 54.
Kd6 g6 55. Ra8+ Kf7 56. Ra7+ Kg8 57. Ra8+ Kf7 58. Ra7+ 1/2-1/2